<?xml version="1.0" encoding="UTF-8"?><?xml-stylesheet type="text/xsl" href="static/style.xsl"?><OAI-PMH xmlns="http://www.openarchives.org/OAI/2.0/" xmlns:xsi="http://www.w3.org/2001/XMLSchema-instance" xsi:schemaLocation="http://www.openarchives.org/OAI/2.0/ http://www.openarchives.org/OAI/2.0/OAI-PMH.xsd"><responseDate>2026-04-17T00:38:14Z</responseDate><request verb="GetRecord" identifier="oai:www.recercat.cat:2445/183484" metadataPrefix="marc">https://recercat.cat/oai/request</request><GetRecord><record><header><identifier>oai:recercat.cat:2445/183484</identifier><datestamp>2025-12-05T09:56:34Z</datestamp><setSpec>com_2072_1057</setSpec><setSpec>col_2072_478917</setSpec><setSpec>col_2072_478920</setSpec></header><metadata><record xmlns="http://www.loc.gov/MARC21/slim" xmlns:dcterms="http://purl.org/dc/terms/" xmlns:xsi="http://www.w3.org/2001/XMLSchema-instance" xmlns:doc="http://www.lyncode.com/xoai" xsi:schemaLocation="http://www.loc.gov/MARC21/slim http://www.loc.gov/standards/marcxml/schema/MARC21slim.xsd">
   <leader>00925njm 22002777a 4500</leader>
   <datafield ind2=" " ind1=" " tag="042">
      <subfield code="a">dc</subfield>
   </datafield>
   <datafield ind2=" " ind1=" " tag="720">
      <subfield code="a">Jorba i Monte, Àngel</subfield>
      <subfield code="e">author</subfield>
   </datafield>
   <datafield ind2=" " ind1=" " tag="720">
      <subfield code="a">Nicolás Ávila, Begoña</subfield>
      <subfield code="e">author</subfield>
   </datafield>
   <datafield ind2=" " ind1=" " tag="260">
      <subfield code="c">2022-02-24T12:50:42Z</subfield>
   </datafield>
   <datafield ind2=" " ind1=" " tag="260">
      <subfield code="c">2022-02-24T12:50:42Z</subfield>
   </datafield>
   <datafield ind2=" " ind1=" " tag="260">
      <subfield code="c">2021-11-01</subfield>
   </datafield>
   <datafield ind2=" " ind1=" " tag="260">
      <subfield code="c">2022-02-24T12:50:42Z</subfield>
   </datafield>
   <datafield ind2=" " ind1=" " tag="520">
      <subfield code="a">This paper focuses on the capture of Near-Earth Asteroids (NEAs) in a neighbourhood of the $\mathrm{L}_{3}$ point of the Earth-Moon system. The dynamical model for the motion of the asteroid is the planar Earth-Moon-Sun Bicircular problem (BCP). It is known that the $\mathrm{L}_{3}$ point of the Restricted Three-Body Problem is replaced, in the BCP, by a periodic orbit of centre $\times$ saddle type, with a family of mildly hyperbolic tori that is born from the elliptic direction of this periodic orbit. It is remarkable that some pieces of the stable manifolds of these tori escape (backward in time) the Earth-Moon system and become nearly circular orbits around the Sun. In this work we compute this family of invariant tori and also high order approximations to their stable/unstable manifolds. We show how to use these manifolds to compute an impulsive transfer of a NEA to an invariant tori near $\mathrm{L}_{3}$. As an example, we study the capture of the asteroid $2006 \mathrm{RH} 120$ in its approach of 2006. We show that there are several opportunities for this capture, with different costs. It is remarkable that one of them requires a $\Delta v$ as low as 20 $\mathrm{m} / \mathrm{s}$.</subfield>
   </datafield>
   <datafield tag="653" ind2=" " ind1=" ">
      <subfield code="a">Mecànica orbital</subfield>
   </datafield>
   <datafield tag="653" ind2=" " ind1=" ">
      <subfield code="a">Sistemes hamiltonians</subfield>
   </datafield>
   <datafield tag="653" ind2=" " ind1=" ">
      <subfield code="a">Orbital mechanics</subfield>
   </datafield>
   <datafield tag="653" ind2=" " ind1=" ">
      <subfield code="a">Hamiltonian systems</subfield>
   </datafield>
   <datafield ind2="0" ind1="0" tag="245">
      <subfield code="a">Using invariant manifolds to capture an asteroid near the L3 point of the Earth-Moon Bicircular model</subfield>
   </datafield>
</record></metadata></record></GetRecord></OAI-PMH>